21वी शताब्दी में अंतर्राष्ट्रीय संबंध / (Record no. 209570)
[ view plain ]
| 000 -LEADER | |
|---|---|
| fixed length control field | 01268nam a22002297a 4500 |
| 005 - DATE AND TIME OF LATEST TRANSACTION | |
| control field | 20250220114851.0 |
| 010 ## - LCCN (DPL NO) | |
| LC control number | HIN-129444 |
| 020 ## - INTERNATIONAL STANDARD BOOK NUMBER | |
| International Standard Book Number | 9789364448444 |
| 020 ## - INTERNATIONAL STANDARD BOOK NUMBER | |
| International Standard Book Number | 9364448448 |
| 020 ## - INTERNATIONAL STANDARD BOOK NUMBER | |
| International Standard Book Number | 9789364448710 |
| 020 ## - INTERNATIONAL STANDARD BOOK NUMBER | |
| International Standard Book Number | 9364448715 |
| 035 ## - SYSTEM CONTROL NUMBER | |
| System control number | HN-101790 |
| 037 ## - SOURCE OF ACQUISITION | |
| Source of stock number/acquisition | DBAD |
| 082 ## - DEWEY DECIMAL CLASSIFICATION NUMBER | |
| Classification number | 327 |
| 100 ## - MAIN ENTRY--PERSONAL NAME | |
| Personal name | पंत पुष्पेश |
| 245 ## - TITLE STATEMENT | |
| Title | 21वी शताब्दी में अंतर्राष्ट्रीय संबंध / |
| Statement of responsibility, etc | पुष्पेश पंत |
| Remainder of title | यूपीएससी सिविल सेवा और राज्य सेवा की परीक्षाओं हेतु |
| Medium | हिंदी |
| 250 ## - EDITION STATEMENT | |
| Edition statement | प्रथम |
| 260 ## - PUBLICATION, DISTRIBUTION, ETC. (IMPRINT) | |
| Place of publication, distribution, etc | ग्रेटर नॉएडा |
| Name of publisher, distributor, etc | प्राइवेट. लिमिटेड., प्लाट नॉ. 26इ , सेक्टर- 31, (इंडस्ट्रियल) , साईट-4th, |
| Date of publication, distribution, etc | 2025 |
| 270 ## - ADDRESS | |
| Address | प्राइवेट. लिमिटेड., प्लाट नॉ. 26इ , सेक्टर- 31, (इंडस्ट्रियल) , साईट-4th, |
| City | ग्रेटर नॉएडा |
| Postal code | 201306 |
| 300 ## - PHYSICAL DESCRIPTION | |
| Extent | 214 पृष्ठ; |
| Dimensions | 24सेमी(सजिल्द) |
| 942 ## - ADDED ENTRY ELEMENTS (KOHA) | |
| Source of classification or shelving scheme | Dewey Decimal Classification |
| Item type | Hindi Books |
| Classification part | 327 |
| Call number suffix | पंत |
| Withdrawn status | Lost status | Not for loan | Collection code | Home library | Current library | Date acquired | Source of acquisition | Cost, normal purchase price | Full call number | Barcode | Copy number | Cost, replacement price | Koha item type |
|---|---|---|---|---|---|---|---|---|---|---|---|---|---|
| Non-fiction | Central Library | Central Library | 20/02/2025 | Delivery of Books Act Division | 310.00 | 327 पंतपु | HN-101790 | 1 | 310.00 | Hindi Books | |||
| D.B.Act.Division | D.B.Act.Division | 20/02/2025 | 327 पंत | Hindi Books |
